The construction industry in development (Record no. 542111)

000 -LEADER
fixed length control field 00449nam a22001457a 4500
082 ## - DEWEY DECIMAL CLASSIFICATION NUMBER
Classification number 338.45624
Author Mark CON
-- D
245 ## - TITLE STATEMENT
Title The construction industry in development
Statement of responsibility, etc. Syed K. Kirmani
260 ## - PUBLICATION, DISTRIBUTION, ETC.
Place of publication, distribution, etc. Washington
Name of publisher, distributor, etc. The world bank
Date of publication, distribution, etc. 1988
300 ## - PHYSICAL DESCRIPTION
Extent 173 p. :
Other physical details ill,
Dimensions 24cm.
526 ## - STUDY PROGRAM INFORMATION NOTE
Program name 0
Interest level 0
Reading level 0
Title point value 338_456240000000000_CON
526 ## - STUDY PROGRAM INFORMATION NOTE
Program name 0
Interest level 0
Reading level 0
Title point value 338_456240000000000_CON
526 ## - STUDY PROGRAM INFORMATION NOTE
Program name 0
Interest level 0
Reading level 0
Title point value 338_456240000000000_CON
650 ## - SUBJECT ADDED ENTRY--TOPICAL TERM
Topical term or geographic name entry element MCE
9 (RLIN) 379
942 ## - ADDED ENTRY ELEMENTS (KOHA)
Source of classification or shelving scheme
Koha item type Book
Holdings
Withdrawn status Lost status Source of classification or shelving scheme Damaged status Not for loan Permanent Location Current Location Date acquired Total Checkouts Full call number Barcode Date last seen Copy number Price effective from Koha item type
          Military College of Engineering (MCE) Military College of Engineering (MCE) 09/23/2013   338.45624 CON MCE-43214 09/23/2013 1 09/23/2013 Book
          Military College of Engineering (MCE) Military College of Engineering (MCE) 09/23/2013   338.45624 CON MCE-42024 09/23/2013 1 09/23/2013 Book
          Military College of Engineering (MCE) Military College of Engineering (MCE) 09/23/2013   338.45624 CON MCE-42555 09/23/2013 3 09/23/2013 Book
© 2023 Central Library, National University of Sciences and Technology. All Rights Reserved.